000 02995cam a2200373 a 4500
001 15534080
003 OSt
005 20140310182434.0
008 081124s2010 mauab b 001 0 eng
010 _a 2008051156
020 _a9780763751432 (pbk.)
020 _a076375143X (pbk.)
020 _a9780763751432
035 _a(DNLM)101489871
040 _aDNLM/DLC
_cDLC
_dDLC
042 _apcc
050 0 0 _aRA 652.4
_b.Ou98 2010
060 1 0 _aWA 105
_bO94 2010
245 0 0 _aOutbreak investigations around the world :
_bcase studies in infectious disease field epidemiology /
_ceditor, Mark S. Dworkin.
260 _aSudbury, Mass. :
_bJones and Bartlett Publishers,
_cc2010.
300 _axxiii, 456 p. :
_bill., maps ;
_c23 cm.
504 _aIncludes bibliographical references and index.
505 0 _aHow an outbreak is investigated / Mark S. Dworkin -- Leptospirosis at the bubbles / Kenrad E. Nelson -- Cholera for a dime / Paul A. Blake -- Legionnaire's disease : investigation of an outbreak of a new disease / Steven Thacker -- The investigation of toxic shock syndrome in Wisconsin, 1979-1980 and beyond / Jeffrey P. Davis -- The early days of AIDS in the United States : a personal perspective / Harold W. Jaffe -- Verify the diagnosis : a pseudo-outbreak of amebiasis in Los Angeles County / Frank Sorvillo -- Measles among religiously exempt persons / Charles E. Jennings -- An outbreak of fulminant hepatitis B in a medical ward in Israel / Ronald C. Hershow -- What went wrong? An ancient recipe associated with botulism in modern Egypt / J. Todd Weber -- Controlling an outbreak of shigellosis with a community-wide intervention in Lexington County, Kentucky / Janet Mohle-Boetani --
505 0 _aPork tapeworm in an orthodox Jewish community : arriving at a biologically plausible hypothesis / Peter Schantz, Mary Bartlett -- The massive waterborne outbreak of cryptosporidium infections, Milwaukee, Wisconsin, 1993 / Jeffrey P. Davis -- A community outbreak of hepatitis a involving cooperation between public health, the media, and law enforcement in Iowa, 1997 / Patricia Quinlisk ... [et al.] -- Tracking a syphilis outbreak through cyberspace / Jeffrey D. Klausner -- Eschar : the story of the New York City department of health 2001 anthrax investigation / Don Weiss, Marci Layton -- Ebola hemorrhagic fever in Gabon : chaos to control / Daniel G. Bausch -- Whipping whooping cough in Rock Island County, Illinois / Mark S. Dworkin -- Emergency yellow fever mass vaccination in post-civil war Liberia / Gregory Huhn -- A mumps epidemic : Iowa, 2006 / Patricia Quinlisk.
541 _j1
562 _e1
650 0 _aEpidemiology
_vCase studies.
_98204
650 1 2 _aDisease Outbreaks
_vPersonal Narratives.
_98205
650 1 2 _aEpidemiologic Methods
_vPersonal Narratives.
_98206
700 1 _aDworkin, Mark S.
_98207
906 _a7
_bcbc
_corignew
_d1
_eecip
_f20
_gy-gencatlg
942 _2lcc
_cSSLC
999 _c13403
_d13403